<?xml version="1.0" encoding="UTF-8"?>
<record
    xmlns:xsi="http://www.w3.org/2001/XMLSchema-instance"
    xsi:schemaLocation="http://www.loc.gov/MARC21/slim http://www.loc.gov/standards/marcxml/schema/MARC21slim.xsd"
    xmlns="http://www.loc.gov/MARC21/slim">

  <leader>01117nam a2200313Ic 4500</leader>
  <controlfield tag="001">59940</controlfield>
  <controlfield tag="003">CO-BoRNBP</controlfield>
  <controlfield tag="005">20251112154436.0</controlfield>
  <controlfield tag="007">ta</controlfield>
  <controlfield tag="008">180109s2015    sp a   g      000 0 spa  </controlfield>
  <datafield tag="020" ind1=" " ind2=" ">
    <subfield code="a">9788498018189</subfield>
  </datafield>
  <datafield tag="040" ind1=" " ind2=" ">
    <subfield code="a">CO-BoRNBP</subfield>
    <subfield code="b">spa</subfield>
    <subfield code="e">rda</subfield>
    <subfield code="c">CO-BoRNBP</subfield>
  </datafield>
  <datafield tag="041" ind1=" " ind2=" ">
    <subfield code="a">spa</subfield>
  </datafield>
  <datafield tag="082" ind1="0" ind2="4">
    <subfield code="a">746</subfield>
    <subfield code="b">B68e</subfield>
  </datafield>
  <datafield tag="100" ind1=" " ind2=" ">
    <subfield code="a">Bowles, Melanie</subfield>
    <subfield code="e">aut</subfield>
    <subfield code="9">67255</subfield>
  </datafield>
  <datafield tag="245" ind1="1" ind2="0">
    <subfield code="a">Estampar, coser, lucir :</subfield>
    <subfield code="b">proyectos creativos de dise&#xF1;o textil digital /</subfield>
    <subfield code="c">Melanie Bowles y the people's print ; traducci&#xF3;n Remedios Di&#xE9;guez Di&#xE9;guez.</subfield>
  </datafield>
  <datafield tag="250" ind1=" " ind2=" ">
    <subfield code="a">Primera edici&#xF3;n</subfield>
  </datafield>
  <datafield tag="264" ind1=" " ind2="1">
    <subfield code="a">Barcelona, Espa&#xF1;a :</subfield>
    <subfield code="b">Blume,</subfield>
    <subfield code="c">2015</subfield>
  </datafield>
  <datafield tag="300" ind1=" " ind2=" ">
    <subfield code="a">176 p&#xE1;ginas :</subfield>
    <subfield code="b">ilustraciones, fotograf&#xED;as en color</subfield>
  </datafield>
  <datafield tag="336" ind1=" " ind2=" ">
    <subfield code="a">texto</subfield>
    <subfield code="b">txt</subfield>
    <subfield code="2">rdacontent</subfield>
  </datafield>
  <datafield tag="337" ind1=" " ind2=" ">
    <subfield code="a">sin mediaci&#xF3;n</subfield>
    <subfield code="b">n</subfield>
    <subfield code="2">rdamedia</subfield>
  </datafield>
  <datafield tag="338" ind1=" " ind2=" ">
    <subfield code="a">volumen</subfield>
    <subfield code="b">nc</subfield>
    <subfield code="2">rdacarrier</subfield>
  </datafield>
  <datafield tag="505" ind1="0" ind2=" ">
    <subfield code="a">Tutoriales de dise&#xF1;o digital</subfield>
  </datafield>
  <datafield tag="650" ind1="0" ind2="7">
    <subfield code="a">Costura</subfield>
    <subfield code="v">Manuales, vadem&#xE9;cum, etc</subfield>
    <subfield code="2">lemb</subfield>
    <subfield code="9">66951</subfield>
  </datafield>
  <datafield tag="650" ind1="0" ind2="7">
    <subfield code="a">Dise&#xF1;o de figurines</subfield>
    <subfield code="2">armarc</subfield>
    <subfield code="9">67256</subfield>
  </datafield>
  <datafield tag="650" ind1="0" ind2="7">
    <subfield code="a">Dise&#xF1;o de modas</subfield>
    <subfield code="x">Estrategia y t&#xE9;cnica</subfield>
    <subfield code="2">armarc</subfield>
    <subfield code="9">67257</subfield>
  </datafield>
  <datafield tag="700" ind1=" " ind2=" ">
    <subfield code="a">Di&#xE9;guez Di&#xE9;guez, Remedios</subfield>
    <subfield code="e">trl</subfield>
    <subfield code="9">67258</subfield>
  </datafield>
  <datafield tag="942" ind1=" " ind2=" ">
    <subfield code="2">ddc</subfield>
    <subfield code="c">BK</subfield>
  </datafield>
  <datafield tag="999" ind1=" " ind2=" ">
    <subfield code="c">59940</subfield>
    <subfield code="d">59940</subfield>
  </datafield>
  <datafield tag="952" ind1=" " ind2=" ">
    <subfield code="0">0</subfield>
    <subfield code="1">0</subfield>
    <subfield code="2">ddc</subfield>
    <subfield code="4">0</subfield>
    <subfield code="7">0</subfield>
    <subfield code="8">GEN</subfield>
    <subfield code="a">MEMAPJGA</subfield>
    <subfield code="b">MEMAPJGA</subfield>
    <subfield code="c">GEN</subfield>
    <subfield code="d">2025-11-12</subfield>
    <subfield code="l">0</subfield>
    <subfield code="o">746 B68e</subfield>
    <subfield code="p">MPJG00994</subfield>
    <subfield code="r">2025-11-12 15:45:03</subfield>
    <subfield code="t">Ej.1</subfield>
    <subfield code="w">2025-11-12</subfield>
    <subfield code="y">BK</subfield>
  </datafield>
</record>
